| 000 | 00650nam a2200217 a 4500 | ||
|---|---|---|---|
| 001 | BRCA_3732 | ||
| 005 | 20190320204412.0 | ||
| 008 | 150909s1884----mx-#---###---#000-0#spa-# | ||
| 041 | _aspa | ||
| 044 | _amx | ||
| 050 | 4 |
_aF1233.5.G6 _b.Q48 1884 |
|
| 100 | 1 |
_aQuevedo y Zubieta, Salvador _99711 |
|
| 245 | 1 | 0 |
_aEl General González y su gobierno en México _banticipo a la historia _cpor Salvador Quevedo y Zubieta |
| 260 |
_aMéxico _bTip. de Patoni _c1884 |
||
| 300 |
_avix, 294 p. _c18 cm. |
||
| 500 | _aB356 | ||
| 600 | 1 | 4 |
_aGonzález, Manuel _d1830-1893 _99712 |
| 651 | 4 |
_aMéxico _xHistoria _y1867-1910 _94778 |
|
| 902 | _aGFM | ||
| 942 |
_2lcc _cB |
||
| 999 |
_c3461 _d3461 |
||